The adventures of Robinson Crusoe for young folks (Record no. 68950)

000 -LEADER
fixed length control field 02136cam a2200457Ka 4500
001 - CONTROL NUMBER
control field 8371942
003 - CONTROL NUMBER IDENTIFIER
control field NUST - PNEC
005 - DATE AND TIME OF LATEST TRANSACTION
control field 20170116181106.0
006 - FIXED-LENGTH DATA ELEMENTS--ADDITIONAL MATERIAL CHARACTERISTICS
fixed length control field m d
007 - PHYSICAL DESCRIPTION FIXED FIELD--GENERAL INFORMATION
fixed length control field cr bn||||||abp
007 - PHYSICAL DESCRIPTION FIXED FIELD--GENERAL INFORMATION
fixed length control field cr bn||||||ada
008 - FIXED-LENGTH DATA ELEMENTS--GENERAL INFORMATION
fixed length control field 100329s1897 mauaf jo 000 1 eng d
035 ## - SYSTEM CONTROL NUMBER
System control number (OCoLC)ocn587279546
035 ## - SYSTEM CONTROL NUMBER
System control number (OCoLC)587279546
040 ## - CATALOGING SOURCE
Original cataloging agency OCLCE
Language of cataloging eng
Transcribing agency LIBRARY
Modifying agency OCLCQ
043 ## - GEOGRAPHIC AREA CODE
Geographic area code s------
049 ## - LOCAL HOLDINGS (OCLC)
Holding library ZCUA
050 #4 - LIBRARY OF CONGRESS CALL NUMBER
Classification number PZ7.D36
Item number Ro 1897
Classification number PR3403
082 04 - DEWEY DECIMAL CLASSIFICATION NUMBER
Classification number 823.5 DEF
100 1# - MAIN ENTRY--PERSONAL NAME
Personal name Defoe, Daniel,
Dates associated with a name 1661?-1731.
240 10 - UNIFORM TITLE
Uniform title Robinson Crusoe
245 14 - TITLE STATEMENT
Title The adventures of Robinson Crusoe for young folks
Medium [electronic resource] /
Statement of responsibility, etc. edited by William T. Adams.
246 17 - VARYING FORM OF TITLE
Title proper/short title Young folks' Robinson Crusoe
260 ## - PUBLICATION, DISTRIBUTION, ETC.
Place of publication, distribution, etc. Boston :
Name of publisher, distributor, etc. Lothrop,
Date of publication, distribution, etc. c1897.
300 ## - PHYSICAL DESCRIPTION
Extent 1 online resource (viii, 266 p., [3] leaves of plates) :
Other physical details ill. (some col.)
506 ## - RESTRICTIONS ON ACCESS NOTE
Materials specified Use copy
Standardized terminology for access restriction Restrictions unspecified
Source of term star
Institution to which field applies MiAaHDL
533 ## - REPRODUCTION NOTE
Type of reproduction Electronic reproduction.
Place of reproduction [S.l.] :
Agency responsible for reproduction HathiTrust Digital Library,
Date of reproduction 2010.
538 ## - SYSTEM DETAILS NOTE
System details note Master and use copy. Digital master created according to Benchmark for Faithful Digital Reproductions of Monographs and Serials, Version 1. Digital Library Federation, December 2002.
Uniform Resource Identifier <a href="http://purl.oclc.org/DLF/benchrepro0212">http://purl.oclc.org/DLF/benchrepro0212</a>
583 1# - ACTION NOTE
Action digitized
Time/date of action 2010
Jurisdiction HathiTrust Digital Library
Status committed to preserve
Source of term pda
Institution to which field applies MiAaHDL
650 #0 - SUBJECT ADDED ENTRY--TOPICAL TERM
Topical term or geographic name entry element Crusoe, Robinson (Fictitious character)
Form subdivision Juvenile fiction.
General subdivision General books
650 #0 - SUBJECT ADDED ENTRY--TOPICAL TERM
Topical term or geographic name entry element Adventure stories
Form subdivision Juvenile fiction.
650 #0 - SUBJECT ADDED ENTRY--TOPICAL TERM
Topical term or geographic name entry element Survival after airplane accidents, shipwrecks, etc.
Form subdivision Juvenile fiction.
650 #0 - SUBJECT ADDED ENTRY--TOPICAL TERM
Topical term or geographic name entry element Wilderness survival
Form subdivision Juvenile fiction.
650 #0 - SUBJECT ADDED ENTRY--TOPICAL TERM
Topical term or geographic name entry element Shipwrecks
Form subdivision Juvenile fiction.
651 #0 - SUBJECT ADDED ENTRY--GEOGRAPHIC NAME
Geographic name South America
Form subdivision Juvenile fiction.
655 #7 - INDEX TERM--GENRE/FORM
Genre/form data or focus term Adventure fiction.
Source of term gsafd
700 1# - ADDED ENTRY--PERSONAL NAME
Personal name Adams, William T.
Fuller form of name (William Taylor),
Dates associated with a name 1822-1897.
776 08 - ADDITIONAL PHYSICAL FORM ENTRY
Relationship information Print version:
Main entry heading Defoe, Daniel, 1661?-1731.
Uniform title Robinson Crusoe.
Title Adventures of Robinson Crusoe for young folks.
Place, publisher, and date of publication Boston : Lothrop, c1897
Record control number (OCoLC)28354099
856 40 - ELECTRONIC LOCATION AND ACCESS
Materials specified HathiTrust Digital Library
Uniform Resource Identifier <a href="http://catalog.hathitrust.org/api/volumes/oclc/67409798.html">http://catalog.hathitrust.org/api/volumes/oclc/67409798.html</a>
942 ## - ADDED ENTRY ELEMENTS (KOHA)
Source of classification or shelving scheme
Koha item type Book
Holdings
Withdrawn status Lost status Source of classification or shelving scheme Damaged status Not for loan Permanent Location Current Location Shelving location Date acquired Total Checkouts Full call number Barcode Date last seen Date last checked out Price effective from Koha item type
          Pakistan Navy Engineering College (PNEC) Pakistan Navy Engineering College (PNEC)     1 823.5 DEF PNECLIB-031215 11/28/2016 11/28/2016   Book
© 2023 Central Library, National University of Sciences and Technology. All Rights Reserved.